000 01524 a2200277 4500
999 _c1964
_d1964
020 _a9780230500280 (cloth)
020 _a0230500285 (cloth)
050 0 0 _aHF1414 ANH 2007
100 1 _aAnholt, Simon.
245 1 0 _aCompetitive identity :
_bthe new brand management for nations, cities and regions /
_cSimon Anholt.
264 _aBritain:
_bPalgrave MacMillan,
_c2007
300 _axiii, 134 p. :
_bill. ;
500 _aIncludes bibliographical references (p. 129) and index.
504 _aIncludes bibliographical references (p. 129) and index.
650 0 _aCompetition, International.
650 0 _aPlace marketing.
650 0 _aProduct management.
650 0 _aInternational relations.
856 4 2 _3Contributor biographical information
_uhttp://catdir.loc.gov/catdir/enhancements/fy0703/2006050177-b.html
856 4 2 _3Publisher description
_uhttp://catdir.loc.gov/catdir/enhancements/fy0703/2006050177-d.html
856 4 1 _3Table of contents only
_uhttp://catdir.loc.gov/catdir/enhancements/fy0703/2006050177-t.html
856 4 _uhttp://bvbr.bib-bvb.de:8991/F?func=service&doc_library=BVB01&doc_number=015407798&line_number=0001&func_code=DB_RECORDS&service_type=MEDIA
_zKlappentext
856 4 1 _3Table of contents
_uhttp://bvbr.bib-bvb.de:8991/F?func=service&doc_library=BVB01&doc_number=015407798&line_number=0002&func_code=DB_RECORDS&service_type=MEDIA
942 _2lcc
_cBK
_h14141
_iANH
_kHF